| 000 | 01192nam a22002535i 4500 | ||
|---|---|---|---|
| 001 | 160555 | ||
| 003 | ES-MaACL | ||
| 005 | 20250824052158.0 | ||
| 008 | 020201s1892 sp |||| | spa d | ||
| 040 |
_aCAM _bspa _cCAM |
||
| 100 | 1 |
_aNavarro Gonzalvo, Eduardo, _d1846-1902 _eaut _985134 |
|
| 245 | 1 | 3 |
_aEl africano : _bparodia, hasta cierto punto, de "La africana" : en un acto y cuatro cuadros, en verso / _coriginal de Eduardo Navarro Gonzalvo y Ángel de la Guardia ; música de Andrés Vidal y Llimona. |
| 260 |
_aMadrid : _bAdministración Liríco-Dramática, _c1892 _f(R. Velasco, imp.) |
||
| 300 |
_a33 páginas ; _c19 cm. |
||
| 500 | _aEn port.: Estrenada en el Teatro Eslava el 5 de noviembre de 1892 | ||
| 500 | _aSólo el texto | ||
| 655 | 0 |
_aTeatro _9234794 |
|
| 700 | 1 |
_aGuardia, Ángel de la _eaut _960305 |
|
| 700 | 1 |
_aVidal y Llimona, Andrés, _d1844-1912 _emus _9133685 |
|
| 852 |
_aES-MaACL _cSVI _gDedicatoria ms. de Ángel de la Guardia a Manuel de la Fuente y Mondéjar _hLegado Manuel de la Fuente y Mondéjar _jD-692(7) _xHolandesa, conservando cub. original |
||
| 942 |
_2udc _cMONANT _n0 |
||
| 999 |
_c160555 _d160555 |
||